Biblioteca

Bien conectados : cómo liberar el poder y restaurar la esperanza a través de las alianzas del reino / Pill Butler (Registro nro. 33195)

Detalles MARC
000 -LÍDER
Campo fijo de descripción fija 014440000a22002050004500
020 ## - NÚMERO INTERNACIONAL NORMALIZADO PARA LIBROS
Número Internacional Normalizado del libro 1-58802-X : Donación
082 04 - NÚMERO DE CLASIFICACIÓN DECIMAL DEWEY
Número de clasificación G 267.13 B9851b
001 - NÚMERO DE CONTROL
Campo de control 2213
100 1# - ASIENTO PRINCIPAL--NOMBRE PERSONAL
Nombre personal Butler, Phill
245 10 - TÍTULO
Título del Material Bien conectados : cómo liberar el poder y restaurar la esperanza a través de las alianzas del reino / Pill Butler
260 ## - PUBLICACIÓN, DISTRIBUCIÓN, ETC. (PIE DE IMPRENTA)
Lugar de publicación, distribución, etc. Miami : Patmos
300 ## - DESCRIPCIÓN FÍSICA
Extensión 344 p.
336 ## - CONTENT TYPE
Content type term texto
Content type code txt
Source rdacontent
337 ## - MEDIA TYPE
Source rdamedia
Media type term sin mediación
Media type code n
338 ## - CARRIER TYPE
Source rdacarrier
Carrier type term volumen
Carrier type code nc
500 ## - NOTA GENERAL
Nota General Título original: Well connected
505 00 - NOTA DE CONTENIDO
Nota de contenido con formato preestablecido \I PARTE: El panorama completo -- La razón de las alianzas ¿Cuál es la motivación? -- Cooperación, redes, alianzas estratégicas: íTantos conceptos y tantas definiciones! \ II PARTE: El diseño de Dios -- cambio espiritual: un proceso, no un acontecimiento -- Las relaciones: plenitud, unidad y diversidad \ III PARTE: Tras bambalinas. La fuerza que impulsa a la alianza -- Oración: casi siempre la pasamos por alto, pero nunca está de más \ IV PARTE: Sobre la marcha. Elementos claves para una reunión exitosa sobre alianzas y redes -- El facilitador de una alianza: el líder siervo impulsado por una visión -- Instauremos esperanza: cómo cumplir con las expectativas y compartir el reconocimiento -- Después de la función viene la forma: estructuras de una alianza eficaz
650 14 - ASIENTO SECUNDARIO DE MATERIA - TERMINO TEMÁTICO
Término temático o nombre geográfico como elemento de entrada ALIANZAS \ ENTRENAMIENTO EN RELACIONES DE GRUPO \ IGLESIA - ACCION SOCIAL
942 ## - TIPO DE MATERIAL (KOHA)
Tipo de Item KOHA Libros General
Existencias
Estado de Material Estado de Perdido Estado de Dañado No para Préstamo Colección Tomo Biblioteca de Origen Biblioteca Permanente Fecha de Adquisición Total de Préstamos Signatura Topográfica Código de Barras Última vez visto Ejemplar/Existencia Fecha de Remplazo Tipo de Material
        Colección General   Biblioteca FUSBC Biblioteca FUSBC 14/10/2011   G 267.13 B9851b 17209 12/12/2019 2016-12-02 26/01/2016 Libros General

Biblioteca FUSBC | Teléfono: (57+4) 349 88 10 Ext. 141| WhatsApp (+57) 3005338115 
E-mail: biblioteca@unisbc.edu.co | Calle 76 87-14 Robledo Palenque, Medellín, Colombia

Con tecnología Koha